| 000 | 00690cam5a220016900 4500 | ||
|---|---|---|---|
| 005 | 20190819095816.0 | ||
| 008 | 031027 | ||
| 035 | _a(Sirsi) a146107 | ||
| 050 | 0 |
_aHD2035.Z2 _bDIE 1977 |
|
| 100 | 1 |
_aDietz,T. _6A116753.1 |
|
| 245 | 1 | 0 |
_aLocal effects of two large-scale industrial projects in the Kafue- Mazabuka area in Zambia : _bkafue Estate and nakambala sugar Estate./ _cFinal report by T.Diezt, A.Van Haastrecht and R.Scheffer. |
| 260 | _c1977. | ||
| 350 | _a25 | ||
| 650 | 0 |
_aLarge- Scale industrial Projects -- Zambia _zLarge- Scale industrial Projects -- Zambia _6S87702.1 |
|
| 700 | 0 | 0 |
_aHaastrecht,A.Van. _6A116751.1 |
| 700 | 0 | 0 |
_aScheffer,R. _6A116752.1 |
| 999 |
_c99856 _d99857 |
||